Wer raucht, der stiehlt: Zur Interpretation quantitativer Daten in der Jugendsoziologie Eine jugendkriminologische Studie

Hauptteil: Was und Wer? Das Spielfeld -- Hauptteil: Warum und Weil? Die Tiefen-Dimension -- Hauptteil: Bedeutungen und Bewertungen. Der kulturelle Rahmen

Guardado en:  
Detalles Bibliográficos
Otros Autores: Quensel, Stephan 1936- (Otro)
Tipo de documento: Electrónico Libro
Lenguaje:Alemán
Publicado: Wiesbaden VS Verlag für Sozialwissenschaften 2009
En:Año: 2009
Acceso en línea: Portada
Volltext (lizenzpflichtig)
Verificar disponibilidad: HBZ Gateway
Servicio de pedido Subito: Pedir ahora.
Palabras clave:
Parallel Edition:No electrónico

MARC

LEADER 00000cam a22000002c 4500
001 164772855X
003 DE-627
005 20260115115609.0
007 cr uuu---uuuuu
008 090414s2009 gw |||||o 00| ||ger c
020 |a 9783531914503  |9 978-3-531-91450-3 
024 7 |a 10.1007/978-3-531-91450-3  |2 doi 
035 |a (DE-627)164772855X 
035 |a (DE-576)305558099 
035 |a (DE-599)BSZ305558099 
035 |a (OCoLC)699251799 
035 |a (DE-He213)978-3-531-91450-3 
035 |a (DE-627-1)03882163X 
040 |a DE-627  |b ger  |c DE-627  |e rakwb 
041 |a ger 
044 |c XA-DE 
050 0 |a HM401-1281 
050 0 |a HM716-753.2 
072 7 |a JHB  |2 bicssc 
072 7 |a SOC026000  |2 bisacsh 
072 7 |a JHBK  |2 bicssc 
072 7 |a SOC026010  |2 bisacsh 
082 0 |a 301 
082 0 |a 362.291 
082 0 |a 305  |2 23 
084 |a 2,1  |2 ssgn 
084 |a MS 2150  |2 rvk  |0 (DE-625)rvk/123632: 
084 |a DS 7500  |2 rvk  |0 (DE-625)rvk/19969: 
084 |a 71.35  |2 bkl 
084 |a 71.65  |2 bkl 
245 0 0 |a Wer raucht, der stiehlt  |b Zur Interpretation quantitativer Daten in der Jugendsoziologie Eine jugendkriminologische Studie  |c von Stephan Quensel 
264 1 |a Wiesbaden  |b VS Verlag für Sozialwissenschaften  |c 2009 
300 |a Online-Ressource (315S, digital) 
336 |a Text  |b txt  |2 rdacontent 
337 |a Computermedien  |b c  |2 rdamedia 
338 |a Online-Ressource  |b cr  |2 rdacarrier 
490 0 |a SpringerLink  |a Bücher 
520 |a Hauptteil: Was und Wer? Das Spielfeld -- Hauptteil: Warum und Weil? Die Tiefen-Dimension -- Hauptteil: Bedeutungen und Bewertungen. Der kulturelle Rahmen 
520 |a Am Beispiel eines Datensatzes mit mehr als 4.000 15-jährigen SchülerInnen aus fünf europäischen Städten sowie einer repräsentativen Umfrage aus Bremen zeigt Stephan Quensel, wie man mit Hilfe der SPSS schrittweise die diversen jugendkulturellen Bedeutungen des Konsums legaler wie illegaler Drogen sowie ihres delinquenten Handelns herausarbeiten kann. Die kritische und enge Verbindung von methodischen Überlegungen mit theoretischen Ansätzen aus der Jugendsoziologie und -kriminologie öffnet den Blick für eine alternative Art der Prävention im Umgang mit solchen als deviant angesehenen Verhaltensweisen. Die Datensätze sowie ihre statistische und graphische Verarbeitung, die auch in studentischen Projekten entwickelt wurde, findet man als Begleitmaterial im Internet unter www.vs-verlag.de 
650 0 |a Sociology 
650 0 |a Social Sciences, general 
650 0 |a Social Work 
689 0 0 |d g  |0 (DE-588)4015701-5  |0 (DE-627)104289007  |0 (DE-576)208913092  |a Europa  |2 gnd 
689 0 1 |d s  |0 (DE-588)4137596-8  |0 (DE-627)105648841  |0 (DE-576)209678984  |a Jugend  |g 14-16 Jahre  |2 gnd 
689 0 2 |d s  |0 (DE-588)4198658-1  |0 (DE-627)105187038  |0 (DE-576)210123443  |a Drogenkonsum  |2 gnd 
689 0 3 |d s  |0 (DE-588)4028893-6  |0 (DE-627)106276565  |0 (DE-576)208979999  |a Jugendkriminalität  |2 gnd 
689 0 4 |d s  |0 (DE-588)4114114-3  |0 (DE-627)104151838  |0 (DE-576)209482001  |a Jugendkultur  |2 gnd 
689 0 |5 DE-101 
689 1 0 |d s  |0 (DE-588)4137596-8  |0 (DE-627)105648841  |0 (DE-576)209678984  |a Jugend  |g 14-16 Jahre  |2 gnd 
689 1 1 |d s  |0 (DE-588)4198658-1  |0 (DE-627)105187038  |0 (DE-576)210123443  |a Drogenkonsum  |2 gnd 
689 1 2 |d s  |0 (DE-588)4076308-0  |0 (DE-627)104364106  |0 (DE-576)209201428  |a Prävention  |2 gnd 
689 1 3 |d s  |0 (DE-588)4162863-9  |0 (DE-627)105459062  |0 (DE-576)209876735  |a Jugendsoziologie  |2 gnd 
689 1 4 |d s  |0 (DE-588)4155272-6  |0 (DE-627)10551702X  |0 (DE-576)209817615  |a Datenerhebung  |2 gnd 
689 1 5 |d s  |0 (DE-588)4123037-1  |0 (DE-627)105758051  |0 (DE-576)209556331  |a Datenanalyse  |2 gnd 
689 1 |5 DE-101 
700 1 |a Quensel, Stephan  |d 1936-  |0 (DE-588)129427454  |0 (DE-627)396450903  |0 (DE-576)162636199  |4 oth 
776 1 |z 9783531159713 
776 0 8 |i Buchausg. u.d.T.  |a Quensel, Stephan, 1936 -   |t Wer raucht, der stiehlt...  |b 1. Aufl.  |d Wiesbaden : VS Verlag für Sozialwissenschaften, 2009  |h 315 S.  |w (DE-627)559437951  |w (DE-576)278459889  |z 9783531159713  |z 3531159712  |k Non-Electronic 
787 0 8 |i Forschungsdaten  |a Quensel, Stephan, 1936 -   |t European adolescent delinquency and substance use  |d Köln : GESIS Datenarchiv, 2008  |w (DE-627)193536572X 
856 4 0 |u https://doi.org/10.1007/978-3-531-91450-3  |m X:SPRINGER  |x Verlag  |z lizenzpflichtig  |3 Volltext  |7 1 
856 4 2 |u https://swbplus.bsz-bw.de/bsz305558099cov.jpg  |m V:DE-576  |m X:springer  |q image/jpeg  |v 20150417174316  |3 Cover  |7 1 
912 |a ZDB-2-SGR  |b 2009 
936 r v |a MS 2150  |b Allgemeine Darstellungen  |k Soziologie  |k Spezielle Soziologien  |k Jugendsoziologie  |k Allgemeine Darstellungen  |0 (DE-627)1270710710  |0 (DE-625)rvk/123632:  |0 (DE-576)200710710 
936 r v |a DS 7500  |b Betreuung von Suchtkranken, Drogenerziehung  |k Pädagogik  |k Sozialpädagogik, Sozialarbeit  |k Berufsfelder  |k Betreuung von Suchtkranken, Drogenerziehung  |0 (DE-627)1270784536  |0 (DE-625)rvk/19969:  |0 (DE-576)200784536 
936 b k |a 71.35  |j Kindersoziologie  |j Jugendsoziologie  |q SEPA  |0 (DE-627)106412698 
936 b k |a 71.65  |j Kriminalität als soziales Problem  |q SEPA  |0 (DE-627)106412248 
951 |a BO 
ELC |a 1 
LOK |0 000 xxxxxcx a22 zn 4500 
LOK |0 001 3324582431 
LOK |0 003 DE-627 
LOK |0 004 164772855X 
LOK |0 005 20141117135352 
LOK |0 008 090414||||||||||||||||ger||||||| 
LOK |0 040   |a DE-21  |c DE-627  |d DE-21 
LOK |0 689   |a s  |a eBook-Springer-Geistes-und-Sozialwissenschaften-Recht-2009-11776 
LOK |0 852   |a DE-21 
LOK |0 852 1  |m n  |9 00 
LOK |0 85640  |u http://dx.doi.org/10.1007/978-3-531-91450-3  |z Zugang für die Universität Tübingen 
LOK |0 912   |a ZDB-2-SGR 
LOK |0 935   |a ebok 
LOK |0 938   |k n 
LOK |0 939   |a 14-04-09  |b l01 
LOK |0 000 xxxxxcx a22 zn 4500 
LOK |0 001 3324582458 
LOK |0 003 DE-627 
LOK |0 004 164772855X 
LOK |0 005 20141117135352 
LOK |0 008 090414||||||||||||||||ger||||||| 
LOK |0 040   |a DE-21-24  |c DE-627  |d DE-21-24 
LOK |0 689   |a s  |a eBook-Springer-Geistes-und-Sozialwissenschaften-Recht-2009-11776 
LOK |0 852   |a DE-21-24 
LOK |0 852 1  |m n  |9 00 
LOK |0 85640  |u http://dx.doi.org/10.1007/978-3-531-91450-3  |z Zugang für die Universität Tübingen 
LOK |0 912   |a ZDB-2-SGR 
LOK |0 935   |a e024 
LOK |0 938   |k n 
LOK |0 939   |a 14-04-09  |b l01 
ORI |a SA-MARC-krimdoka001.raw